| 000 | 00728nam a2200217 4500 | ||
|---|---|---|---|
| 001 | 118746 | ||
| 003 | ES-MaACL | ||
| 005 | 20230906191152.0 | ||
| 007 | t| | ||
| 008 | 070214s1955 sp r ||||1| cat d | ||
| 100 | 1 |
_aPetrarca, Francesco. _991528 |
|
| 245 | 1 | 0 |
_aSonets, cançons i madrigals / _cFrancesco Petrarca ; traducció per Osvald Cardona ; revisat per Joan B. Solervicens. |
| 260 |
_aBarcelona : _bAlpha, _c1955. |
||
| 300 |
_a357 p., 1 lám. : _b`retr. aut.` ; _c21 cm. |
||
| 490 | 1 | _aClassics de tots els temps | |
| 700 | 1 |
_aCardona, Osvald. _935182 |
|
| 700 | 1 |
_aSolervicens, J. B. _9107205 |
|
| 830 | 0 |
_aClassics de tots els temps _9187232 |
|
| 852 |
_aES-MaACL _jC-10453 _bR.38387 |
||
| 999 |
_c118746 _d118746 |
||